[Event "SVK-ch U08"]
[Site "Stara Lubovna"]
[Date "2021.07.01"]
[Round "7"]
[White "Slivka, Jakub"]
[Black "Drunek, Tibor"]
[Result "1/2-1/2"]
[WhiteElo "1000"]
[BlackElo "1000"]
[PlyCount "41"]
[EventDate "2021.06.26"]
[EventType "swiss"]
[EventRounds "9"]
[EventCountry "SVK"]
[SourceTitle "CBM 203 Extra"]
[Source "ChessBase"]
[SourceDate "2021.09.30"]
[SourceVersion "1"]
[SourceVersionDate "2021.09.30"]
[SourceQuality "1"]

1. e4 c5 2. Nf3 Nc6 3. Nc3 Nf6 4. Ng5 h6 5. h4 hxg5 6. hxg5 d6 7. Bc4 Bd7 8. Qf3 Qc7 9. gxf6 exf6 10. Rxh8 0-0-0 11. Qh5 Kb8 12. d3 Qc8 13. Qh7 Kc7 14. Rg8 Be7 15. Rxd8 Bxd8 16. Qxg7 Be8 17. Bh6 Nd4 18. Rc1 Bd7 19. Qxf7 Kb8 20. Bf8 a5 21. Bxd6+ 1/2-1/2

[Event "SVK-ch U08"]
[Site "Stara Lubovna"]
[Date "2021.06.29"]
[Round "5"]
[White "Zilincan, Tomas"]
[Black "Drunek, Tibor"]
[Result "1/2-1/2"]
[WhiteElo "1000"]
[BlackElo "1000"]
[PlyCount "47"]
[EventDate "2021.06.26"]
[EventType "swiss"]
[EventRounds "9"]
[EventCountry "SVK"]
[SourceTitle "CBM 203 Extra"]
[Source "ChessBase"]
[SourceDate "2021.09.30"]
[SourceVersion "1"]
[SourceVersionDate "2021.09.30"]
[SourceQuality "1"]

1. e4 e5 2. Nf3 Nf6 3. Nc3 Nc6 4. d3 Bb4 5. a3 Bc5 6. Be2 Bb6 7. Bg5 h6 8. Bh4 Qe7 9. Nb5 0-0 10. 0-0 d6 11. Nc3 Qd8 12. Nd5 Bc5 13. Qd2 Qd7 14. Nxf6+ gxf6 15. Bxf6 Kh7 16. Rad1 Rg8 17. Ne1 Qe8 18. Bh5 Qf8 19. Qe2 Be6 20. Qf3 Nd4 21. Qe3 Re8 22. c3 Nb3 23. Qf3 Bg4 24. Bxg4 1/2-1/2

[Event "SVK-ch U08"]
[Site "Lubovna"]
[Date "2020.08.20"]
[Round "7"]
[White "Hnat, Samuel"]
[Black "Drunek, Tibor"]
[Result "1-0"]
[WhiteElo "1000"]
[BlackElo "1000"]
[PlyCount "71"]
[EventDate "2020.08.15"]
[EventType "tourn"]
[EventRounds "9"]
[EventCountry "SVK"]
[SourceTitle "EXT 2021"]
[Source "ChessBase"]
[SourceDate "2020.10.23"]
[SourceVersion "1"]
[SourceVersionDate "2020.10.23"]
[SourceQuality "1"]

1. e3 d6 2. Bb5+ Bd7 3. Qf3 Bc6 4. Bc4 Bxf3 5. gxf3 d5 6. Be2 e6 7. Bb5+ c6 8. Ba4 b5 9. Bb3 Nf6 10. d3 Bb4+ 11. c3 Na6 12. cxb4 Nxb4 13. Bd2 g5 14. Bxb4 a5 15. Bc5 d4 16. exd4 Qc7 17. Nd2 g4 18. Nc4 Rg8 19. Bd6 Qd7 20. Nb6 Qxd6 21. Nc4 Qxd4 22. Nb6 Rb8 23. Na4 bxa4 24. Bxa4 Qxb2 25. Kf1 Qxa1+ 26. Kg2 Rb2 27. Bxc6+ Nd7 28. Be4 Rc2 29. fxg4 Qb2 30. Bxh7 Rxg4+ 31. Kh3 Ra4 32. Nf3 Rxf2 33. Rg1 Qb4 34. Rg8+ Nf8 35. Be4 Raxa2 36. Bc6+ 1-0